| 000 | 00765nam a2200229Ia 4500 | ||
|---|---|---|---|
| 008 | 191130s2006##################000#0#eng## | ||
| 020 | _a9780071453318 | ||
| 022 | _a2006001789 | ||
| 040 |
_aACL _cACL |
||
| 082 | _a613.69 ELB | ||
| 100 | _aElbroch, Mark | ||
| 245 |
_aWilderness survival : living off the land with the clothes on your back and the knife on your belt _cMark Elbroch and Michael Pewtherer |
||
| 260 |
_aCamden, Me _bRagged Mountain Press/McGraw-Hill _cc2006 |
||
| 300 | _ax, 260 p. : ill. ; 22 cm | ||
| 500 | _aIncludes index | ||
| 650 | _aOutdoor life - United States | ||
| 650 | _aWilderness survival - United States | ||
| 700 | _aPewtherer, Michael | ||
| 990 | _a6fe586e7ac10000c473f348fd60014f1 | ||
| 991 | _a96328 | ||
| 999 |
_c96466 _d96466 |
||